| 000 | 01823cam a22004217a 4500 | ||
|---|---|---|---|
| 003 | CHAP | ||
| 005 | 20230527062634.0 | ||
| 008 | 971010s1982 r 00010 d | ||
| 010 | _a62884 | ||
| 011 | _a63856 | ||
| 020 | _a9682411602 | ||
| 035 | _a68402 | ||
| 040 | _cCHAP | ||
| 082 |
_a631.371 _bB4 |
||
| 100 | 1 | 0 |
_aBerlijn, Johan D. _911826 |
| 245 | 0 |
_aMotores agrícolas _c/por Johan D. Berlijn |
|
| 260 |
_aMéxico, D.F. : _bTrillas, _c1982. |
||
| 300 |
_a94 p. _b: ilus |
||
| 490 | 0 |
_aManuales para educación agropecuaria. _pMecánica agrícola _v; 37 |
|
| 590 |
_aBATCH-UPD _b10 _c20130110 _lUCH01 _h1637 |
||
| 590 |
_aBATCH-UPD _b10 _c20130410 _lUCH01 _h1028 |
||
| 590 |
_aBATCH-UPD _b10 _c20130914 _lUCH01 _h0608 |
||
| 590 |
_aCONVERSION _b10 _c20130109 _lUCH01 _h1334 |
||
| 650 | 1 | 4 |
_aMotores agrícolas. _979096 |
| 830 | 0 |
_aManuales para educación agropecuaria. _pMecánica agrícola _v; 37 _970691 |
|
| 901 | _aBK | ||
| 942 | _cLIBRO | ||
| 949 |
_a631.3 M4 V.37 _bMA _cLIBRO _d-43968 _eLIBRO _fc.2 _h1289 _i68402 _si |
||
| 949 |
_a631.3 M4 V.37 _bMA _cLIBRO _d-521 _eLIBRO _h1288 _i68402 _si |
||
| 949 |
_a631.371 B4 _bBC _cLIBRO _d33724000059515 _eLIBRO _fc.7 _h81118 _i68402 _si _t210.00 |
||
| 949 |
_a631.371 B4 _bBC _cLIBRO _d33724000059523 _eLIBRO _fc.3 _h58085 _i68402 _si _t210.00 |
||
| 949 |
_a631.371 B4 _bBC _cLIBRO _d33724000556684 _eLIBRO _fc.6 _h61636 _i68402 _si _t210.00 |
||
| 949 |
_a631.371 B4 _bBC _cLIBRO _d33724000556692 _eLIBRO _fc.2 _h58084 _i68402 _si _t210.00 |
||
| 949 |
_a631.371 B4 _bBC _cLIBRO _d33724000873345 _eLIBRO _fc.5 _gDonaciØn _h61635rep. _i68402 _si |
||
| 949 |
_a631.371 B4 _bBC _cLIBRO _d33724000876892 _eLIBRO _fc.8 _gDonaciØn _h102938 _i68402 _st |
||
| 949 |
_a631.371 B4 _bBC _cLIBRO _d33724000901781 _eLIBRO _fc.4 _h61634 _i68402 _si _t210.00 |
||
| 949 |
_a631.371 B4 _bBC _cLIBRO _d33724002021736 _eLIBRO _h58083 _i68402 _si _t210.00 |
||
| 999 |
_c62884 _d62884 |
||